Holka pro všechno /

Hlavní autor: Roche, Charlotte, 1978-
Další autoři: Sojka, Pavel, 1977-
Jazyk: Čeština
Vydáno: Praha : Práh, 2016
Vydání: Vydání první
Témata:
Fyzický popis: 246 stran ; 20 cm
Knihy
Uloženo v:
LEADER 01320cam a2200397 i 4500
001 nkc20162833666
003 CZ PrNK
005 20161019111857.0
007 ta
008 160916s2016 xr g 000 f cze d
015 |a cnb002833666 
020 |a 978-80-7252-645-1  |q (brožováno) 
035 |a (OCoLC)962340943 
040 |a ULG001  |b cze  |d OLA001  |e rda 
041 1 |a cze  |h ger 
072 7 |a 821.112.2-3  |x Německá próza, německy psaná  |2 Konspekt  |9 25 
080 |a 821.112.2-31  |2 MRF 
080 |a (0:82-31)  |2 MRF 
100 1 |a Roche, Charlotte,  |d 1978-  |7 xx0083791  |4 aut 
240 1 0 |a Mädchen für alles.  |l Česky 
245 1 0 |a Holka pro všechno /  |c Charlotte Roche ; z německého originálu přeložil Pavel Sojka 
250 |a Vydání první 
264 1 |a Praha :  |b Práh,  |c 2016 
300 |a 246 stran ;  |c 20 cm 
336 |a text  |b txt  |2 rdacontent 
337 |a bez média  |b n  |2 rdamedia 
338 |a svazek  |b nc  |2 rdacarrier 
655 7 |a německé romány  |7 fd132945  |2 czenas 
655 9 |a German fiction  |2 eczenas 
700 1 |a Sojka, Pavel,  |d 1977-  |7 xx0129365  |4 trl 
910 2 |a BOA001  |b 1-1374.353 
920 |a KN3148000000918794  |z ULG001 
990 |a BK 
995 |a 01 
991 |b 201610  |c NOV 
996 6 |b 2610684090  |c 1-1374.353  |l MZK  |r Sklad / do 1 hodiny  |n 0  |p p.v.  |w 001581868  |u 000010  |a 1  |e BOA001  |j MZK50  |s P